000 00570nam a2200229Ia 4500
003 OSt
005 20220928122334.0
006 a|||||r|||| 00| 0
007 ta
008 220927b |||||||| |||| 00| 0 eng d
024 _a31891
037 _cTextual
040 _aSDCL
_cSDCL
_beng
041 _2eng
_aeng
082 _aV2'N9, P2
100 _aRobb Peter
_9372177
245 0 _aHistory of India
260 _aNew York
_b Palgrave
_c2002
300 _axiv,344p
_ccm.
942 _hV2'N9, P2
_cTEXL
_2CC
999 _c770966
_d770966